000 00468nam a2200181Ia 4500
005 20250508150545.0
008 008 250505s9999 xx 000 0 eng d
037 _aTextual
040 _aFEDL
_beng
_cFEDL
041 _aeng
_2eng
084 _aB, CUR
_qFEDL
100 _aCurie Eve
_9616719
245 0 _aMadame Curie
260 _aLondon, UK
_bWilliam Heinemann Ltd.
_c1947
300 _ax,386p.
942 _cTEXL
_hB, CUR
999 _c1324245
_d1324245